| 000 | 00874nam a2200217Ia 4500 | ||
|---|---|---|---|
| 003 | IN-BaIIA | ||
| 008 | 211028s9999 xx 000 0 eng d | ||
| 020 | _a981-02-0782-4 | ||
| 040 | _cIIA Library | ||
| 080 |
_a524(082.2) _bKUB |
||
| 111 |
_aInternational Workshop on Unstabel Nuclei in Astrophysics _cJapan _d1991 June 7-8 _917735 |
||
| 245 | 0 |
_aUnstable nuclei in astrophysics _bproceedings of the International workshop on Unstabel Nuclei in Astrophysics held at Tokyo, Japan, 7-8 June 1991 _cedited by S. Kubono and Kajino, T. |
|
| 260 |
_aSingapore _bWorld Scientific _c1992 |
||
| 300 | _axii,344p. | ||
| 650 | _aAstronomy and Astrophysics Thesaurus | ||
| 650 |
_aAstrophysics _9794 |
||
| 650 |
_aNuclear Astrophysics _92774 |
||
| 700 |
_aKajino, T., ed. _917736 |
||
| 700 |
_aKubono, S., ed. _917737 |
||
| 942 | _cBK | ||
| 999 |
_c10427 _d10427 |
||